Deportivo Alavés 2025/26 Squad - Statistics

General Stats
  • This quiz has been taken 5 times
  • The average score is 19 of 24
Answer Stats
Hint Answer % Correct
LW 🇩🇿 Abde Rebbach
100%
DM 🇪🇸 Antonio Blanco
100%
GK 🇪🇸 Antonio Sivera
100%
DM 🇺🇾 Carlos Protesoni
100%
CB 🇲🇾 Facundo Garcés
100%
CM 🇪🇸 Jon Guridi
100%
RB 🇪🇸 Jonny Otto
100%
FW 🇦🇷 Lucas Boyé
100%
FW 🇩🇴 Mariano Díaz
100%
RB 🇦🇷 Nahuel Tenaglia
100%
FW 🇪🇸 Toni Martínez
100%
LB 🇪🇸 Victor Parada
100%
FW 🇪🇸 Aitor Mañas
67%
CM 🇪🇸 Ander Guevara
67%
RW 🇪🇸 Ángel Pérez
67%
AM 🇧🇷 Calebe
67%
CM 🇪🇸 Carles Aleñá
67%
FW 🇨🇮 Ibrahim Diabate
67%
CB 🇪🇸 Jon Pacheco
67%
CB 🇫🇮 Ville Koski
67%
LB 🇲🇦 Youssef Enríquez
67%
AM 🇪🇸 Denis Suárez
33%
CM 🇪🇸 Pablo Ibáñez
33%
GK 🇪🇸 Raúl Fernández
33%
No matching quizzes found
Score Distribution
Percent of People with Each Score
Percentile by Number Answered
Your Score History
You have not taken this quiz